logo

Bir Sreshtho Munshi Abdur Rouf Library
Jhenaidah Cadet College

Higher Secondary Practical Physics / (Record no. 8891)

MARC details
000 -LEADER
fixed length control field 00549nam a2200217 a 4500
001 - CONTROL NUMBER
JCCL Control Number 8891
003 - CONTROL NUMBER IDENTIFIER
JCCL marc code BD-JhCC
005 - DATE AND TIME OF LATEST TRANSACTION
control field 20180305132405.0
008 - FIXED-LENGTH DATA ELEMENTS--GENERAL INFORMATION
fixed length control field 171217s1966 bg a|||| ||aa 000 0 eng d
035 ## - SYSTEM CONTROL NUMBER
system control number (BD-JhCC)8891
040 ## - CATALOGING SOURCE
Original cataloging agency BD-JhCC
Modifying agency BD-JhCC
041 ## - LANGUAGE CODE
Language code of Book eng
082 ## - DEWEY DECIMAL CLASSIFICATION NUMBER
Classification number 530.72
Author mark and Year ISH 1966
100 ## - MAIN ENTRY--PERSONAL NAME
Personal name Ishaque, Md
245 ## - TITLE STATEMENT
Title Higher Secondary Practical Physics /
Statement of responsibility, etc Md Ishaque
260 ## - PUBLICATION, DISTRIBUTION, ETC. (IMPRINT)
Place of publication, distribution, etc Bogra :
Name of publisher, distributor, etc Mitali Publication
Date of publication, distribution, etc 1966.
300 ## - PHYSICAL DESCRIPTION
Pagination 346 p. :
Dimensions 21 cm.
650 ## - SUBJECT ADDED ENTRY--TOPICAL TERM
Topical term or geographic name as entry element Physics
942 ## - ADDED ENTRY ELEMENTS (KOHA)
Source of classification or shelving scheme Dewey Decimal Classification
Koha item type Books
Holdings
Source of classification or shelving scheme Damaged status Not for loan Home library Current library Shelving location Date of accession Cost, normal purchase price Total Checkouts Full call number Barcode Date last seen Copy number Koha item type
Dewey Decimal Classification     JCC Rouf Library JCC Rouf Library General Stacks 03/05/2018 5.00   530.72 ISH 1966 11556 03/05/2018 C-1 Books

JCC Library | Contacts | JCC Home

Last Update on 23 September 2017
Copyright @ 2017-2020 JCC Rouf Library
Rouf Library, Jhenidah Cadet College (JCC), Bangladesh